| 000 | 01207cam a22003254a 4500 | ||
|---|---|---|---|
| 005 | 20260322212046.0 | ||
| 008 | data | ||
| 010 | _a 2004026383 | ||
| 020 | _a0823023796 (alk. paper) | ||
| 020 | _a9780823023790 (alk. paper) | ||
| 040 |
_aDLC _cDLC _dDLC |
||
| 042 | _apcc | ||
| 043 | _an------ | ||
| 050 | 0 | 0 |
_aNC780 _b.A475 2005 |
| 082 | 0 | 0 |
_a743.6/9 _222 |
| 092 | _a743.6 A475 2005 | ||
| 100 | 1 | _aAmberlyn, J. C. | |
| 245 | 1 | 0 |
_aDrawing wildlife / _cJ. C. Amberlyn. |
| 260 |
_aNew York : _bWatson-Guptill Publications, _cc2005. |
||
| 300 |
_a192 p. : _bill. (some col.) ; _c27 cm. |
||
| 500 | _aIncludes index. | ||
| 650 | 0 | _aMammals in art. | |
| 650 | 0 |
_aDrawing _xTechnique. |
|
| 650 | 0 |
_aMammals _zNorth America. |
|
| 856 | 4 | 1 |
_3Table of contents _uhttp://www.loc.gov/catdir/toc/ecip053/2004026383.html |
| 906 |
_a7 _bcbc _corignew _d1 _eecip _f20 _gy-gencatlg |
||
| 925 | 0 |
_aacquire _b2 shelf copies _xpolicy default |
|
| 955 |
_djh34 2004-11-08 to SL _ejh09 to Dewey 2004-11-08 _fjh32 2005-06-14; _gjh32 2005-06-14 to BCCD |
||
| 001 | data | ||
| 999 |
_c1096 _d1096 |
||